Normal view MARC view

Entry Nome pessoal

Number of records used in: 1

001 - NÚMERO DE CONTROLE

  • campo de controle: 890

003 - IDENTIFICADOR DO NÚMERO DE CONTROLE

  • campo de controle: OSt

005 - DATA E HORÁRIO DA ÚLTIMA TRANSAÇÃO

  • campo de controle: 20250527144349.0

008 - CAMPO DE DADOS FIXOS

  • campo de controle de tamanho fixo: 250519|| aca||aabn | a|a d

040 ## - FONTE DA CATALOGAÇÃO

  • Instituição da catalogação original: OSt

100 ## - CABEÇALHO--NOME PESSOAL

  • Nome pessoal: Capelas, Heloísa
  • Datas associadas ao nome: 1957-

Powered by Koha